00801nam a22002417a 4500003000500000005001700005008004100022010001000063011001000073035001000083040000900093082001500102110006000117245015000177260003600327300003000363650002300393650001100416650005500427650003100482700002700513700001900540CHAP20220329140947.0971013s1994 r 00010 d a60473 a61445 a65610 cCHAP a574.5bF34 aFAO. Oficina Regional para América Latina y el Caribe aEcozoneb: predicción e información del impacto ambiental de los proyectos agrícolas : un sistema para la administración de conocimientos aSantiago de Chile :bFAO,c1994 a178 h.e+ 2 Diskettes 3.514aImpacto ambiental.14aOzono.14aProcesamiento automático de datos en ecología.14aSistemas de información.0 aEdwards-Jones, Gareth.0 aGough, Martin.